Industrial electronics and control (Record no. 241139)
[ view plain ]
| 000 -LEADER | |
|---|---|
| fixed length control field | 01452nam a22002057a 4500 |
| 005 - DATE AND TIME OF LATEST TRANSACTION | |
| control field | 20260406143635.0 |
| 008 - FIXED-LENGTH DATA ELEMENTS--GENERAL INFORMATION | |
| fixed length control field | 260406b |||||||| |||| 00| 0 eng d |
| 020 ## - INTERNATIONAL STANDARD BOOK NUMBER | |
| International Standard Book Number | 9780074624777 |
| 040 ## - CATALOGING SOURCE | |
| Transcribing agency | AL |
| 041 ## - LANGUAGE CODE | |
| Language code of text/sound track or separate title | English |
| 082 ## - DEWEY DECIMAL CLASSIFICATION NUMBER | |
| Classification number | 621.381 |
| Item number | BHAI |
| 100 ## - MAIN ENTRY--PERSONAL NAME | |
| Personal name | S K Bhattacharya and others |
| 100 ## - MAIN ENTRY--PERSONAL NAME | |
| 9 (RLIN) | 260297 |
| 245 ## - TITLE STATEMENT | |
| Title | Industrial electronics and control |
| 260 ## - PUBLICATION, DISTRIBUTION, ETC. | |
| Place of publication, distribution, etc. | Chennai |
| Name of publisher, distributor, etc. | Mc Graw hill education education India Pvt Ltd |
| Date of publication, distribution, etc. | 2019 |
| 300 ## - PHYSICAL DESCRIPTION | |
| Extent | 649 p. |
| Other physical details | PB |
| Dimensions | 23x15 cm. |
| 365 ## - TRADE PRICE | |
| Price type code | VBI-2645 |
| Price amount | ₹558.75 |
| Currency code | ₹ |
| Unit of pricing | ₹745.00 |
| Price note | 25% |
| Price effective from | 20-02-2026 |
| 520 ## - SUMMARY, ETC. | |
| Summary, etc. | This book is designed keeping in view the syllabi of various states for the course in Industrial Electronics adn control. It is presently the only book that covers the complete course requirement at the diploma lovel Written in a comprehensive adn lucid manner, this book deals with the principle of operation and applications of both teh magnetic control devices as well as the electronic control devices as well as the electronic control devices, using thyristors. Apart from the control systems the book deals with semiconductor physics, applications of thyristor based control devices adn industrial circuits. It also explains electronic control of heating, welding and solid state motor control circuits, these circuits have been verified and tested by experts, in the laboratory.<br/><br/> |
| 650 ## - SUBJECT ADDED ENTRY--TOPICAL TERM | |
| Topical term or geographic name entry element | Emerging use of Microprocessors in industrial Electronics discussed |
| 9 (RLIN) | 260298 |
| 942 ## - ADDED ENTRY ELEMENTS (KOHA) | |
| Source of classification or shelving scheme | Dewey Decimal Classification |
| Koha item type | Book |
| Withdrawn status | Lost status | Source of classification or shelving scheme | Damaged status | Not for loan | Collection code | Home library | Current library | Date acquired | Source of acquisition | Cost, normal purchase price | Total Checkouts | Full call number | Barcode | Date last seen | Cost, replacement price | Price effective from | Koha item type |
|---|---|---|---|---|---|---|---|---|---|---|---|---|---|---|---|---|---|
| Dewey Decimal Classification | Electronics and Communication Engineering | St Aloysius Engineering Library | St Aloysius Engineering Library | 04/02/2026 | Vidyathri Books, Bengaluru-560076 | 558.75 | 621.381 BHAI | SE000431 | 04/06/2026 | 745.00 | 02/20/2026 | Book |